000 00464nam a2200193Ia 4500
005 20240823033307.0
008 240823s9999||||xx |||||||||||||| ||und||
020 _a978-81-8402-284-1
041 _aTAMIL
082 _A824.8 P7
100 _aVimalanath
245 0 _aKurikolai Nirnayipathu Eppadi?
250 _a11th
260 _c2011
_b"Kannadhasan Pathippagam,Ch"
500 _aDISPLAY
650 _aTamil Book
_bGeneral
942 _cBK
999 _c195473
_d195473